Gaudí en Madrid : (Record no. 195884)
[ view plain ]
| 000 -LEADER | |
|---|---|
| campo de control de longitud fija | 01390nam a2200337 i 4500 |
| 001 - NÚMERO DE CONTROL | |
| campo de control | 195884 |
| 003 - IDENTIFICADOR DE NÚMERO DE CONTROL | |
| campo de control | ES-MaACL |
| 005 - FECHA Y HORA DE LA ÚLTIMA TRANSACCIÓN | |
| campo de control | 20250325063045.0 |
| 008 - DATOS DE LONGITUD FIJA--INFORMACIÓN GENERAL | |
| campo de control de longitud fija | 240728s2022 sp a||| |||| 100 0dspa c |
| 017 ## - NÚMERO DE COPYRIGHT O DE DEPÓSITO LEGAL | |
| Número de copyright o de depósito legal | M 23586-2022 |
| Agencia que asigna | Oficina Depósito Legal Madrid |
| 020 ## - NÚMERO INTERNACIONAL ESTÁNDAR DEL LIBRO | |
| Número Internacional Estándar del Libro | 9788412177299 |
| 035 ## - NÚMERO DE CONTROL DEL SISTEMA | |
| Número de control de sistema | Rebiun32716211 |
| 040 ## - FUENTE DE CATALOGACIÓN | |
| Centro catalogador/agencia de origen | ES-ReCLR |
| Lengua de catalogación | cat |
| Normas de descripción | rda |
| Centro/agencia transcriptor | ES-ReCLR |
| Centro/agencia modificador | ES-MaACL |
| 080 ## - NÚMERO DE LA CLASIFICACIÓN DECIMAL UNIVERSAL | |
| Número de la Clasificación Decimal Universal | 72Gaudí, Antoni |
| Subdivisión auxiliar común | (063) |
| Identificador de la edición | 2004 |
| 080 ## - NÚMERO DE LA CLASIFICACIÓN DECIMAL UNIVERSAL | |
| Número de la Clasificación Decimal Universal | 929Gaudí, Antoni |
| Subdivisión auxiliar común | (063) |
| Identificador de la edición | 2004 |
| 245 00 - MENCIÓN DEL TÍTULO | |
| Título | Gaudí en Madrid : |
| Resto del título | ciclo de mesas redondas, Madrid, abril-mayo de 2002 (reedición: 1852-2002, 150 aniversario de su nacimiento). |
| 250 ## - MENCION DE EDICION | |
| Mención de edición | Segunda edición |
| 264 #1 - PRODUCCIÓN, PUBLICACIÓN, DISTRIBUCIÓN, FABRICACIÓN Y COPYRIGHT | |
| Producción, publicación, distribución, fabricación y copyright | [Madrid] : |
| Nombre del de productor, editor, distribuidor, fabricante | Fundación ADIPROPE, |
| Fecha de producción, publicación, distribución, fabricación o copyright | [2022]. |
| 300 ## - DESCRIPCIÓN FÍSICA | |
| Extensión | 239 páginas : |
| Otras características físicas | fotografías ; |
| Dimensiones | 24 cm. |
| 336 ## - TIPO DE CONTENIDO | |
| Término de tipo de contenido | Text |
| Código de tipo de contenido | txt |
| Fuente | rdacontent |
| 337 ## - TIPO DE MEDIO | |
| Nombre/término del tipo de medio | sin mediación |
| Código del tipo de medio | n |
| Fuente | rdamedia |
| 338 ## - TIPO DE SOPORTE | |
| Nombre/término del tipo de soporte | volum |
| Código del tipo de soporte | nc |
| Fuente | rdacarrier |
| 500 ## - NOTA GENERAL | |
| Nota general | "Reedición de la obra editada por Fundación Independiente año 2022"--Verso de portada |
| 600 14 - PUNTO DE ACCESO ADICIONAL DE MATERIA--NOMBRE DE PERSONA | |
| Nombre de persona | Gaudí, Antoni, |
| Fechas asociadas al nombre | 1852-1926 |
| 9 (RLIN) | 55994 |
| 710 ## - ENTRADA AGREGADA--NOMBRE DE ENTIDAD CORPORATIVA | |
| Nombre de entidad corporativa o nombre de jurisdicción como elemento de entrada | Fundación ADIPROPE |
| 9 (RLIN) | 237657 |
| 852 ## - LOCALIZACIÓN | |
| Ubicación | ES-MaACL |
| Sublocalización o colección | R.153535 |
| Ubicación en estantería | Depósito J |
| Número de control de estantería | N-9001 |
| Donativo/Legado | Donación: Editorial |
| Encuadernación | Encuadernación rústica |
| itemnumber | 204867 |
| 942 ## - ELEMENTOS DE ENTRADA SECUNDARIOS (KOHA) | |
| Tipo de ítem Koha | Libro impreso |
| Suprimir en OPAC | No |
| Estatus retirado | Estado de pérdida | Fuente del sistema de clasificación o colocación | Estado de daño | No para préstamo | Biblioteca de origen | Biblioteca actual | Ubicación en estantería | Fecha de adquisición | Fuente de adquisición | Total de préstamos | Signatura topográfica completa | Código de barras | Visto por última vez | Precio de reemplazo | Tipo de ítem Koha |
|---|---|---|---|---|---|---|---|---|---|---|---|---|---|---|---|
| Clasificación decimal universal | Biblioteca del Ateneo de Madrid | Biblioteca del Ateneo de Madrid | Depósito J | 23/03/2025 | Donación | N-9001 | 101229715 | 23/03/2025 | 23/03/2025 | Libro impreso |
